000 00432nam a2200181Ia 4500
008 230711s9999||||xx |||||||||||||| ||und||
020 _a81-85749-09-4
041 _aENG
082 _a621.815
_bSH-M
100 _aSharma,P.C
245 0 _aMachine design(si units)
250 _a11th
260 _c2007
_aLudhiana
_bS.K Kataria & Sons
300 _a1090
650 _aMechanical Engineering
700 _aAggarwal,D.K
942 _cBK
999 _c970
_d970